Catálogo
 En Linea

La canción de Dorotea / (Registro nro. 33827)

Detalles MARC
000 -CABECERA
campo de control de longitud fija 00480nam a2200181 a 4500
001 - NÚMERO DE CONTROL
campo de control 000034336
005 - FECHA Y HORA DE LA ÚLTIMA TRANSACCIÓN
campo de control 20200930073638.0
008 - DATOS DE LONGITUD FIJA--INFORMACIÓN GENERAL
campo de control de longitud fija 111003s2001 es 000 0 spa d
020 ## - NÚMERO INTERNACIONAL ESTÁNDAR DEL LIBRO
Número Internacional Estándar del Libro 8408042149
040 ## - FUENTE DE LA CATALOGACIÓN
Centro catalogador/agencia de origen DO-SdBNP
Lengua de catalogación spa
Centro/agencia transcriptor BNPHU
049 ## - FONDOS LOCALES (OCLC)
Fondos de biblioteca BNPD
100 1# - ENTRADA PRINCIPAL--NOMBRE DE PERSONA
Nombre de persona Regàs, Rosa,
Fechas asociadas al nombre 1933-
9 (RLIN) 25576
245 13 - MENCIÓN DE TÍTULO
Título La canción de Dorotea /
Mención de responsabilidad, etc. Rosa Regàs.
250 ## - MENCIÓN DE EDICIÓN
Mención de edición 6a ed.
260 ## - PUBLICACIÓN, DISTRIBUCIÓN, ETC.
Lugar de publicación, distribución, etc. Barcelona :
Nombre del editor, distribuidor, etc. Planeta,
Fecha de publicación, distribución, etc. 2001.
300 ## - DESCRIPCIÓN FÍSICA
Extensión 301 p. ;
Dimensiones 23 cm.
586 ## - NOTA DE PREMIOS
Nota de premios Premio planeta 2001
Existencias
Estado de retiro Estado de pérdida Restricciones de uso No para préstamo Código de colección Localización permanente Ubicación/localización actual Ubicación en estantería Fecha de adquisición Número de inventario Total de préstamos Signatura topográfica completa Código de barras Fecha visto por última vez Precio válido a partir de Tipo de ítem Koha Número de copia
      Excluido de préstamo Monografías: Libros y Folletos General General Depósito 03.10.2011 LF1   34336-10 25.06.2020 25.06.2020 No se presta  
      Excluido de préstamo Monografías: Libros y Folletos General General Depósito 13.02.2014 LF1   34336-20 25.06.2020 25.06.2020 No se presta e. 2

Con tecnología Koha